Collection Management for the 21st Century : A Handbook for Librarians /
Contenido: El futuro de la administración de la colección; Contribución tecnológica a la administración de colecciones; Selección de materiales en un ambiente electrónico; Prácticas futuras de evaluación de acervos; Entrega de documentos electrónicos y conservación de recursos; Organización y presup...
Guardado en:
| Hovedforfatter: | |
|---|---|
| Andre forfattere: | |
| Format: | Bog |
| Sprog: | engelsk |
| Udgivet: |
Westport, EUA :
Greenwood,
1997, c1997
|
| Serier: | (Greenwood Library Management Collection)
|
| Fag: | |
| Tags: |
Ingen Tags, Vær først til at tagge denne postø!
|
MARC
| LEADER | 00000nam^a2200000^a^4500 | ||
|---|---|---|---|
| 001 | 000184733 | ||
| 005 | 20250521000000.0 | ||
| 009 | 20260310102126.748 | ||
| 020 | |a 0-313-29953-6 | ||
| 037 | |a Acervo ITESO - Biblioteca | ||
| 041 | |a ING | ||
| 082 | |a 025. 21 |b GOR | ||
| 100 | |a Gorman, G.E. |e (ed.) | ||
| 245 | 1 | 0 | |a Collection Management for the 21st Century : |b A Handbook for Librarians / |c Ed. de G.E. Gorman, R.H. Miller. |
| 264 | 4 | |a Westport, EUA : |b Greenwood, |c 1997, c1997 | |
| 300 | |a XV, 339 p. | ||
| 336 | |a texto |b txt |2 rdacontenido | ||
| 337 | |a sin mediación |b n |2 rdamedio | ||
| 338 | |a volumen |b nc |2 rdasoporte | ||
| 440 | 1 | |a (Greenwood Library Management Collection) | |
| 520 | |a Contenido: El futuro de la administración de la colección; Contribución tecnológica a la administración de colecciones; Selección de materiales en un ambiente electrónico; Prácticas futuras de evaluación de acervos; Entrega de documentos electrónicos y conservación de recursos; Organización y presupuesto para la administración de colecciones; Desarrollo y administración de colecciones cooperativo; Literatura reciente. | ||
| 649 | |a XX | ||
| 650 | |a Información - |x Administración | ||
| 650 | |a Internet | ||
| 650 | |a Sistemas de Información | ||
| 650 | |a Tecnologías de Comunicación e Información | ||
| 650 | |a Bibliotecas - |x Colecciones - |x Administración | ||
| 650 | |a Evaluación de Acervos (Bibliotecas) | ||
| 650 | |a Adquisiciones (Bibliotecas) | ||
| 650 | |a Desarrollo de Colecciones (Bibliotecas) | ||
| 650 | |a Bibliotecas - |x Administración | ||
| 650 | |a Biblioteconomía | ||
| 700 | |a Miller, Ruth H. |e (edición) | ||
| 910 | |a Fondo General | ||
| 920 | |a Impresos - Libros | ||
| 930 | |a Obras de Referencia | ||
| 940 | |a Biblioteconomía | ||
| 905 | |a 102 | ||
| 901 | |a 0500125782 |b IT2 |c REF |u 20250521 | ||
| 902 | |a https://opac.biblio.iteso.mx/vufind/Record/000184733 | ||